Statistics for Pokemon Name Meaning Quiz (Kanto)

Click here to take the quiz!

General Stats

  • This quiz has been taken 12 times
  • The average score is 15 of 24

Answer Stats

EtymologyPokemon% Correct
Removed/excavated earth + Group of three thingsDugtrio
100%
Ancient, mysterious + Relating to dogsArcanine
88%
Strong, muscular + A winnerMachamp
88%
Sound made during sleeping + LazySnorlax
88%
Flying prefix + Prehistoric flying reptileAerodactyl
75%
Type of plant + Greek suffix meaning lizardBulbasaur
75%
Extinct bird + group of twoDoduo
75%
Electrical conductor + To self-destructElectrode
75%
Australian mammal + Mongolian leaderKangaskhan
75%
The melted rock in a volcano + Damage, spoilMagmar
75%
Large body of water + RoyaltySeaking
75%
Mythical fire-breathing creature + Noble cavalierDragonite
63%
Material inside bone + To hitMarowak
63%
A transformation + A cocoonMetapod
63%
Male title of respect + A silent performerMr. Mime
63%
Shell fossil + Pointed shapeOmastar
63%
The limb of a sea creature + Low temperature, impressiveTentacool
63%
Tired, sleepy + The letter "z," often used to denote sleepDrowzee
50%
To be scared of + A species of birdFearow
50%
Cat sound + The second iterationMewtwo
50%
Large African mammal + Of great size/importance; lord or masterRhydon
38%
Burst of fire + Long time period (implying evolution)Flareon
25%
To shake + Inflated, cloud shapeJigglypuff
13%
Marine creature + Irritable, bad-temperedKrabby
13%

Score Distribution

Percentile by Number Answered

Percent of People with Each Score

Your Score History

You have not taken this quiz